Logo Biblioteca

Los materiales del lenguaje musical / (Registro nro. 94)

Detalles MARC
000 -LEADER
fixed length control field 01867nam a22002177a 4500
003 - CONTROL NUMBER IDENTIFIER
control field OSt
005 - DATE AND TIME OF LATEST TRANSACTION
control field 20240408104549.0
008 - FIXED-LENGTH DATA ELEMENTS--GENERAL INFORMATION
fixed length control field 231004s2021 ag ||||| |||| 00| 0 spa d
020 ## - INTERNATIONAL STANDARD BOOK NUMBER
International Standard Book Number 9789874180414
040 ## - CATALOGING SOURCE
Transcribing agency besoc
100 1# - MAIN ENTRY--PERSONAL NAME
Personal name Castro, Ricardo O. de,
Relator term autor
245 14 - TITLE STATEMENT
Title Los materiales del lenguaje musical /
Statement of responsibility, etc. Ricardo O. de Castro
250 ## - EDITION STATEMENT
Edition statement 2a ed.
260 ## - PUBLICATION, DISTRIBUTION, ETC.
Place of publication, distribution, etc. Buenos Aires :
Name of publisher, distributor, etc. Aula Taller,
Date of publication, distribution, etc. 2021
300 ## - PHYSICAL DESCRIPTION
Extent 100 p.
490 ## - SERIES STATEMENT
Series statement Colección lenguajes artísticos
505 0# - FORMATTED CONTENTS NOTE
Formatted contents note Introducción -- Cap. 1. El sonido y la audición: El sonido -- El oído y la audición -- Atributos del sonido y sus interrelaciones --Actividades -- Para reflexionar --Cap. 2. Las fuentes sonoras: La voz -- Los instrumentos. Su clasificación -- Modificadores de sonido. Modos de acción y mediadores -- La representación gráfica -- Cap. 3. La organización del lenguaje musical: El ritmo -- La melodía -- La armonía -- Actividades -- Notas -- Biografía.-
520 ## - SUMMARY, ETC.
Summary, etc. Con este trabajo nos proponemos contribuir desde la escuela al desarrollo de la cultura musical de los y las adolescentes que desfilan por sus aulas. Para ello, se brindan los elementos teóricos relacionados con el sonido y la audición, las fuentes sonoras y los instrumentos musicales, de los que se ofrece una detallada clasificación. Complementariamente, se sugieren numerosas escuchas de fragmentos musicales en los que se destacan los diversos instrumentos, para que los y las estudiantes aprendan a reconocerlos y disfrutar de ellos; el propósito es, en definitiva, cultivar el gusto musical y el placer de escuchar música.<br/>También se ofrecen elementos de la organización del lenguaje musical: el ritmo, la melodía y la armonía, además de la representación gráfica de los sonidos. [Nota del editor]
650 #4 - SUBJECT ADDED ENTRY--TOPICAL TERM
Topical term or geographic name entry element Música
General subdivision Historia
-- Educación secundaria
942 ## - ADDED ENTRY ELEMENTS (KOHA)
Source of classification or shelving scheme Universal Decimal Classification
Koha item type Libro de préstamo a domicilio
Suppress in OPAC No
Existencias
Withdrawn status Lost status Source of classification or shelving scheme Damaged status Not for loan Collection Home library Current library Date acquired Total checkouts Full call number Barcode Date last seen Price effective from Koha item type
    Universal Decimal Classification     Colección General Biblioteca Escuela de Ciencias Sociales Biblioteca Escuela de Ciencias Sociales 17/10/2023   78.02 C355 000789 17/10/2023 17/10/2023 Libro de préstamo a domicilio
Biblioteca de la Escuela Preuniversitaria en Ciencias Sociales y Humanísticas.
Riobamba 250 bis.
CP 2000 - Rosario - Santa Fe
E-Mail: biblioteca@esociales.unr.edu.ar